000 00307nam a22001337a 4500
008 180315b xxu||||| |||| 00| 0 eng d
020 _a9780671708634
041 _aeng
080 _a33
100 _a57
101 _aBIZ
245 _aThe 7 habits of highly effective people
_cCovey,S.R
942 _2udc
_cBK
999 _c45174
_d45174